50 cidades mais populosas do Paraná - Statistics

Estatísticas Gerais
  • Esse quiz foi jogado 1 586 vezes
  • A pontuação média é 27 de 50
Estatísticas das Respostas
População Letra Inicial Município % Correto
1 848 946 C Curitiba
99%
543 003 L Londrina
98%
391 698 M Maringá
97%
309 259 C Cascavel
91%
263 647 F Foz do Iguaçu
91%
334 535 P Ponta Grossa
91%
287 792 S São José dos Pinhais
82%
176 973 G Guarapuava
80%
148 232 P Paranaguá
80%
130 295 T Toledo
75%
78 136 P Pato Branco
73%
106 387 U Umuarama
71%
215 842 C Colombo
69%
119 379 P Pinhais
68%
128 058 A Apucarana
67%
131 256 A Araucária
67%
113 833 A Arapongas
66%
86 218 P Paranavaí
66%
85 486 F Francisco Beltrão
63%
120 738 C Campo Largo
62%
92 300 C Campo Mourão
60%
102 735 C Cambé
52%
67 082 C Castro
50%
56 288 I Irati
50%
103 245 A Almirante Tamandaré
49%
57 870 R Rolândia
49%
83 687 F Fazenda Rio Grande
48%
82 842 T Telêmaco Borba
46%
52 753 U União da Vitória
46%
82 842 S Sarandi
45%
46 925 C Cornélio Procópio
43%
40 232 J Jacarezinho
41%
94 713 P Piraquara
41%
41 830 M Medianeira
40%
42 887 P Palmas
40%
48 793 P Prudentópolis
40%
44 936 L Lapa
38%
49 773 M Marechal Cândido Rondon
32%
36 198 D Dois Vizinhos
31%
32 125 P Palmeira
31%
32 645 P Pitanga
30%
41 257 S São Mateus do Sul
30%
42 688 S Santo Antônio da Platina
29%
52 032 I Ibiporã
28%
32 669 M Mandaguari
25%
32 182 B Bandeirantes
24%
38 756 C Campina Grande do Sul
24%
32 616 J Jaguariaíva
24%
35 941 P Paiçandu
22%
33 028 A Assis Chateaubriand
21%
Nenhum quiz correspondente encontrado
Distribuição das Pontuações
Porcentagem de Pessoas com Cada Pontuação
Percentil de Números Respondidos
Sua Pontuação Histórica
Você não jogou esse quiz